000 01335cam a2200157 4500500
005 20260322001343.0
041 _afre
042 _adc
100 1 0 _aClaesson, Annina
_eauthor
245 0 0 _aEl precio de la visibilidad
260 _c2026.
500 _a77
520 _aAunque la hostilidad en línea hacia las y los representantes electos suscita una preocupación creciente, nuestro conocimiento empírico sobre su naturaleza y alcance sigue siendo limitado. Este estudio analiza la violencia en línea dirigida a las y los diputados franceses en Twitter (X), a partir de 4,5 millones de tuits publicados entre 2022 y 2023. Tres modelos de clasificación diseñados específicamente para este fin distinguen entre ataques personales, críticas políticas y mensajes de apoyo. Los resultados muestran que, si bien la mayoría sufre pocos ataques personales, un pequeño grupo muy visible concentra una intensa hostilidad. La visibilidad en línea y ciertas afiliaciones partidistas son los principales factores determinantes, mientras que el género influye sobre todo en la forma de los ataques.
786 0 _nRevue française de science politique | 75 | 3 | 2026-02-05 | p. 549-579 | 0035-2950
856 4 1 _uhttps://shs.cairn.info/revista-revue-francaise-de-science-politique-2025-3-page-549?lang=es&redirect-ssocas=7080
999 _c1714071
_d1714071